AIDS : Wie leben schwule Männer heute? : Bericht über eine Befragung im Auftrag der Deutschen AIDS-Hilfe /

محفوظ في:
التفاصيل البيبلوغرافية
المؤلف الرئيسي: Bochow, Michael (مؤلف)
التنسيق: كتاب
اللغة:الألمانية
منشور في: Berlin : Deutsche AIDS-Hilfe e V., 1989
الطبعة:2. ed
سلاسل:AIDS-Forum D.A.H. ; 2
الوسوم: إضافة وسم
لا توجد وسوم, كن أول من يضع وسما على هذه التسجيلة!

MARC

LEADER 00000nam a22000007i 4500
001 IT\ICCU\UBO\3618764
003 ItRI
005 20260207233744.0
008 090421s1989 gw |||||| ||||| |||||c
040 |b ita  |c importazione bologna sebina 
041 7 |a ger  |2 ISO-639-2 
100 1 |a Bochow, Michael  |0 IT\ICCU\UBOV\885932  |4 aut 
245 1 0 |a AIDS :  |b Wie leben schwule Männer heute? : Bericht über eine Befragung im Auftrag der Deutschen AIDS-Hilfe /  |c Michael Bochow. 
250 |a 2. ed 
260 |a Berlin :  |b Deutsche AIDS-Hilfe e V.,  |c 1989 
300 |a 123 p. ;  |c 21 cm. 
830 0 |a AIDS-Forum D.A.H. ;  |v 2  |0 IT\ICCU\UBO\3562453 
942 |2 ddc  |c BK  |n 0 
952 |0 0  |1 0  |4 0  |6 A_616_979000000000000_BOC  |7 0  |9 24207  |a BO  |b BO  |d 2026-01-15  |i 5172  |l 0  |o A 616.979 BOC  |p BO5172  |r 2026-01-15 23:23:25  |w 2026-01-15  |x [Sebina 7] [1 v.]  |y BK  |z 1 v. 
999 |c 20606  |d 20606